| 000 | 00559nam a22001457a 4500 | ||
|---|---|---|---|
| 008 | 100721t xxu||||| |||| 00| 0 eng d | ||
| 082 |
_a260.9 _bع ب د |
||
| 100 |
_916588 _aعبد الله, دولت |
||
| 245 |
_aمعاهد تزكية النفوس فى مصر فى العصر الأيوبى والمملوكى / _cتأليف دولت عبد الله |
||
| 260 |
_aالقاهرة: _bمطبعة حسان, _c[1980] |
||
| 300 |
_a318 ص: _bايض؛ _c25 سم. |
||
| 650 |
_98297 _aالتصوف. |
||
| 650 |
_98787 _aالتصوف الإسلامى |
||
| 942 |
_2ddc _cBB |
||
| 999 |
_c14522 _d14522 |
||